00696nam a2200229 a 4500001001000000003000900010005001700019007001000036008003400046020001800080040002200098082002100120100001800141245007200159260004300231300003000274500006300304650001800367650003100385650002400416700002600440000015021DO-SdBNP20171110115310.0000015021100129s2012 pr 001 0 spa d a9789962040545 aBPMSUbspacBPMSU 4a 641.591 bC524c1 aChessa, Marco10aCocina mediterránea / cMarco Chessa ; fotografía Carlos Rojas  aLima, Perú : bLexus Editores c2012 a200 p. :bil. ;c30 cm. aIncluye datos biográficos del autor en la contraportada  4aGASTRONOMÍA 4aPREPARACIÓN DE ALIMENTOS 4aCOCINA MEDITERRANEA1 aRojas, Carlos efot.